000 00700cab a2200217 4500
001 WB3036-46
008 090401t1994 xxu||||| |||| 00| 0 eng d
035 _a(Sirsi) u58281
041 _aeng
245 _aLebanese economy
260 _c1994
350 _a0
490 _aFinancial Times
_v24 September 1994, 4(1)
520 _aGrowth estimates based on indices such as cement sales and the award of construction permits, indicates that rebuilding work has helped Lebanon`s economy to reach targets of 8% a year growth.
650 _aCONSTRUCTION MARKET
650 _aLEBANON
690 _aBUILT ENVIRONMENT
690 _aOVERSEAS-REST OF THE WORLD
942 _n0
948 _c04/03/1997
999 _c35564
_d35564